000 00613nam a2200217 i 4500
001 8723
003 ES-MaACL
005 20230906145521.0
007 t|
008 920826s1989 sp ||||1| spa d
020 _a84-450-7091-6
080 _a82-311.8"19"
080 _a82(Ballard,J.G.7 D.03=6)
100 1 _aBallard, J.G.
_924971
245 1 3 _aEl Día de la creación /
_cJ. G. Ballard ; [traducción de Carlos Peralta].
250 _a[1ª ed.].
260 _aBarcelona :
_bMinotauro,
_c1989.
300 _a332 p. ;
_c21 cm.
700 1 _aPeralta, Carlos.
_990368
852 _aES-MaACL
_jL-16144
_bR.117666
999 _c8723
_d8723